000
00222nam a22000857a 4500
008
170130b xxu||||| |||| 00| 0 eng d
100
_9
2651
_a
Jharna.De.etal.
245
_a
Math Sight Book-6
260
_a
New Delhi
_b
Britannica
_c
2011
999
_c
5802
_d
5802